MARKETING MANAGEMENT (Record no. 54334)

000 -LEADER
fixed length control field 00383nam a22001817a 4500
003 - CONTROL NUMBER IDENTIFIER
control field OSt
005 - DATE AND TIME OF LATEST TRANSACTION
control field 20260410163923.0
008 - FIXED-LENGTH DATA ELEMENTS--GENERAL INFORMATION
fixed length control field 260410b ||||| |||| 00| 0 eng d
020 ## - INTERNATIONAL STANDARD BOOK NUMBER
International Standard Book Number 9788121932448
040 ## - CATALOGING SOURCE
Transcribing agency MUIT
082 ## - DEWEY DECIMAL CLASSIFICATION NUMBER
Classification number 658
100 ## - MAIN ENTRY--PERSONAL NAME
Personal name PILLAI R.S.N
245 ## - TITLE STATEMENT
Title MARKETING MANAGEMENT
250 ## - EDITION STATEMENT
Edition statement FIRST
260 ## - PUBLICATION, DISTRIBUTION, ETC.
Place of publication, distribution, etc. NOIDA
Name of publisher, distributor, etc. S CHAND
300 ## - PHYSICAL DESCRIPTION
Extent 548
942 ## - ADDED ENTRY ELEMENTS (KOHA)
Koha item type Book
952 ## - LOCATION AND ITEM INFORMATION (KOHA)
Lost status
952 ## - LOCATION AND ITEM INFORMATION (KOHA)
Lost status
952 ## - LOCATION AND ITEM INFORMATION (KOHA)
Lost status
Holdings
Withdrawn status Collection code Permanent Location Current Location Cost, normal purchase price Full call number Accession no. Koha item type
  School of Management - Lucknow Maharishi School of Business & Management (Lucknow) Maharishi School of Business & Management (Lucknow) 525.00 658 SOM11740 Book
  School of Management - Lucknow Maharishi School of Business & Management (Lucknow) Maharishi School of Business & Management (Lucknow) 525.00 658 SOM11741 Book
  School of Management - Lucknow Maharishi School of Business & Management (Lucknow) Maharishi School of Business & Management (Lucknow) 525.00 658 SOM11742 Book

All Rights Reserved@MUIT

Powered by Koha